00769nam a2200205 a 450000100100000000500170001000800410002702000180006804000250008608200150011110000240012624500950015026000360024530000310028150000630031250400320037559000260040795201130043399900170054600003452320200930073740.0111005s2006 ko b r 000 0 spa d a9781932195408 aDO-SdBNPbspacBNPHU axxxxbxxxx1 aKo und1933-95996310aAbiding places :bKorea south & north /cKo un ; traducción Sunny Jung y Hillel Schartz. aKunsan, Korea :bTupelo,c2006. a142 p. :bmapas. ;c23 cm. aIncluye datos biográficos del autor en la contracubierta aBibliografía : p. 137-142 aInventariado, 2019/BT 001050718MOaGRbGRcHDd2011-10-05iLF1l0oxxxx xxxxp34523-10r2020-06-25w2020-06-25y1ZNo se presta c34014d34014